ბათუმის შოთა რუსთაველის სახელმწიფო უნივერსიტეტის ბიბლიოთეკა

გესტაციის გავლენა ეპილეფსიის ზოგიერთი ფორმის განვითარებასა და მიმდინარეობაზე / (ბიბ.ჩანაწერი № 51793)

000 -ლიდერი
ფიქსირებული სიგრძის საკონტროლო ველი 01832nam a2200265Ia 4500
001 - საკონტროლო ნომერი
საკონტროლო ველი 18785
003 - საკონტროლო ნომრის იდენტიფიკატორი
საკონტროლო ველი GE_BSU
005 - ბოლო ოპერაციის თარიღი და დრო
საკონტროლო ველი 20210413123119.0
008 - ფიქსირებული სიგრძის მონაცემთა ელემენტები - ზოგადი ინფორმაცია
ფიქსირებული სიგრძის საკონტროლო ველი 181216s2015||||ge |||||||||||||| ||geo||
040 ## - კატალოგიზაციის წყარო
Transcribing agency GE_BSU
041 ## - ენის კოდი
Language code of text/sound track or separate title geo
080 ## - უნივერსალური ათობითი კლასიფიკაციის ინდექსი
Universal Decimal Classification number 61 ს-24
100 ## - მთავარი ჩანაწერი - პიროვნების სახელი
Personal name სამსეიშვილი, ნინო
9 (RLIN) 11270
245 ## - ცნობა სათაურის შესახებ
Title გესტაციის გავლენა ეპილეფსიის ზოგიერთი ფორმის განვითარებასა და მიმდინარეობაზე /
Statement of responsibility, etc ნინო სამსეიშვილი; სამეცნიერო ხელმძღვანელები : ზაქარია ნანობაშვილი, ბესარიონ ტყეშელაშვილი; თბილისის სახ-ლო სამედიცინო უნ-ტი.
264 ## - წარმოების, გამოცემის, დისტრიბუციის და სხვა ცნობები
გამოცემის, წარმოების, დისტრიბუციის... ადგილი თბილისი,
გამოცემის, წარმოების, დისტრიბუციის... თარიღი 2015.
300 ## - ფიზიკური აღწერა
Extent 110 გვ.
Other physical details 30 სმ.
504 ## - BIBLIOGRAPHY, ETC. NOTE
Bibliography, etc ბიბლიოგრაფია: გვ. 95-106.
653 ## - INDEX TERM--UNCONTROLLED
Uncontrolled term გესტაციის გავლენა ეპილეფსიის ზოგიერთი ფორმის განვითარებასა და მიმდინარეობაზე
653 ## - INDEX TERM--UNCONTROLLED
Uncontrolled term დისერტაცია
653 ## - INDEX TERM--UNCONTROLLED
Uncontrolled term მედიცინა
700 ## - ADDED ENTRY--PERSONAL NAME
Personal name ნანობაშვილი, ზაქარია
Relator term სამეცნიერო ხელმძღვანელი
9 (RLIN) 11271
700 ## - ADDED ENTRY--PERSONAL NAME
Personal name ტყეშელაშვილი, ბესარიონ
Relator term სამეცნიერო ხელმძღვანელი
9 (RLIN) 11272
710 ## - ADDED ENTRY--CORPORATE NAME
Corporate name or jurisdiction name as entry element თბილისის სახელმწიფო სამედიცინო უნივერსიტეტი
9 (RLIN) 11273
942 ## - ADDED ENTRY ELEMENTS (KOHA)
Koha item type წიგნი
Source of classification or shelving scheme
ეგზემპლარები
ჩამოწერის სტატუსი დაკარგული ეგზემპლარის სტატუსი კლასიფიკაციის წყარო ან თაროზე გაწყობის სქემა დაზიანების სტატუსი არ გაიცემა მუდმივი მდებარეობა (დაცვის ადგილი) ამჟამინდელი ადგილსამყოფელი თაროზე განთავსების ადგილი შეძენის თარიღი სრული შენახვის შიფრი შტრიხკოდი ბოლო ოპერაციის თარიღი ეგზემპლარის მიმდევრობითი ნომერი (კეტერი?) ფასის ძალაში შესვლის თარიღი ეგზემპლარის სახეობა
          ბათუმის შოთა რუსთაველის სახელმწიფო უნივერსიტეტის მთავარი ბიბლიოთეკა ბათუმის შოთა რუსთაველის სახელმწიფო უნივერსიტეტის მთავარი ბიბლიოთეკა წიგნსაცავი 2018-12-17 61 ს-24 213 დისერტ. 2018-12-17 213 2018-12-17 დისერტაცია